Symphonie No. 1 in D-dur Clavierauszug à 4/ms / |

Hlavní autor: Mahler, Gustav, 1860-1911
Jazyk: Nelze použít, není lingvistický obsah
Vydáno: Wien : Josef Weinberger, [1890?]
Fyzický popis: 1 klavírní výtah (83 s.)
Hudebniny Hudebniny
Uloženo v:
LEADER 00795ncm a22002172a 4500
001 001280038
003 CZ BrMZK
005 20150804105049.0
007 qu
008 130219s1890 au |||||||||||||||||zxx d
040 |a BOA001  |b cze 
072 7 |a 786  |x Hudba pro klávesové nástroje  |2 Konspekt  |9 9 
100 1 |a Mahler, Gustav,  |d 1860-1911  |7 jn19990009922  |4 cmp 
245 1 0 |a Symphonie No. 1 in D-dur  |h [hudebnina] :  |b Clavierauszug à 4/ms / |  |c von Gustav Mahler 
260 |a Wien :  |b Josef Weinberger,  |c [1890?] 
300 |a 1 klavírní výtah (83 s.) 
510 4 |a [Winiker, C. Haupt-Katalog der Musikalien-Leih-Anstalt,  |c 53 876] 
910 |a BOA001  |b Mus4-0203.315 
990 |a MU 
991 |b 201302 
996 6 |b 2619518740  |c Mus4-0203.315  |l MZK  |r Sklad / do 1 hodiny  |n 0  |p W  |w 001314338  |u 000010  |a 1  |e BOA001  |j MZK50  |s P